Diseño de muebles : (Registro nro. 1640)
[ vista simple ]
| 000 -LEADER | |
|---|---|
| fixed length control field | 01072nam a2200289Ia 4500 |
| 003 - CONTROL NUMBER IDENTIFIER | |
| control field | PE SENCICO BE |
| 005 - DATE AND TIME OF LATEST TRANSACTION | |
| control field | 20260319171035.0 |
| 008 - FIXED-LENGTH DATA ELEMENTS--GENERAL INFORMATION | |
| fixed length control field | 200515s9999 xx 000 0 und d |
| 020 ## - INTERNATIONAL STANDARD BOOK NUMBER | |
| International Standard Book Number | 978-84-9801-693-2 |
| 040 ## - CATALOGING SOURCE | |
| Original cataloging agency | PE SENCICO BE |
| Transcribing agency | PE SENCICO BE |
| 041 ## - LANGUAGE CODE | |
| Language code of text/sound track or separate title | spa |
| 082 ## - DEWEY DECIMAL CLASSIFICATION NUMBER | |
| Classification number | 749 |
| Item number | L31 |
| 100 1# - MAIN ENTRY--PERSONAL NAME | |
| Personal name | Lawson, Stuart |
| 9 (RLIN) | 604 |
| Relator term | autor |
| 245 10 - TITLE STATEMENT | |
| Title | Diseño de muebles : |
| Remainder of title | desarrollo, materiales, fabricación / |
| Statement of responsibility, etc. | Stuart Lawson |
| 250 ## - EDITION STATEMENT | |
| Edition statement | 1a ed. |
| 260 ## - PUBLICATION, DISTRIBUTION, ETC. | |
| Place of publication, distribution, etc. | Barcelona : |
| Name of publisher, distributor, etc. | Blume ; |
| Date of publication, distribution, etc. | 2013 |
| 300 ## - PHYSICAL DESCRIPTION | |
| Other physical details | ilustraciones a color, láminas, fotografías : |
| Extent | 224 páginas ; |
| Dimensions | 28 cm. |
| 505 0# - FORMATTED CONTENTS NOTE | |
| Formatted contents note | Evolución del diseño de muebles -- El proceso de diseño -- Materiales, fabricación y sostenibilidad |
| 520 3# - SUMMARY, ETC. | |
| Summary, etc. | Guía y obra de consulta para diseñadores de muebles, destinada principalmente a estudiantes que analizan diseños pioneros tanto históricos como contemporáneos. |
| 650 10 - SUBJECT ADDED ENTRY--TOPICAL TERM | |
| Topical term or geographic name entry element | Muebles |
| 9 (RLIN) | 7 |
| 650 20 - SUBJECT ADDED ENTRY--TOPICAL TERM | |
| Topical term or geographic name entry element | Diseño |
| 9 (RLIN) | 605 |
| 650 20 - SUBJECT ADDED ENTRY--TOPICAL TERM | |
| Topical term or geographic name entry element | Ergonomía |
| 9 (RLIN) | 9 |
| 650 20 - SUBJECT ADDED ENTRY--TOPICAL TERM | |
| Topical term or geographic name entry element | Historia |
| 9 (RLIN) | 383 |
| 650 20 - SUBJECT ADDED ENTRY--TOPICAL TERM | |
| Topical term or geographic name entry element | Sillas |
| 9 (RLIN) | 606 |
| 942 ## - ADDED ENTRY ELEMENTS (KOHA) | |
| Koha item type | Libros |
| Source of classification or shelving scheme | Dewey Decimal Classification |
| Fecha de la última vez que lo usaron | Número de ingreso o de inventario | Pago total | Signatura topográfica completa | Código de barras | Precio efectivo desde | Tipo de documento | Estado perdido | Sistema de clasificación | Estado dañado | No es para préstamo | Retirado | Ubicación permanente | Ubicación actual | Fecha de adquisición |
|---|---|---|---|---|---|---|---|---|---|---|---|---|---|---|
| 15/05/2020 | 15948 | 749/L31 | BibLima26032677 | 15/05/2020 | Libros | Dewey Decimal Classification | Biblioteca Central Lima | Biblioteca Central Lima | 15/05/2020 | |||||
| 19/03/2026 | 749/L31 | BibZpiur26032678 | 19/03/2026 | Libros | Dewey Decimal Classification | Biblioteca Piura | Biblioteca Piura | 19/03/2026 | ||||||
| 19/03/2026 | 749/L31/ej. 2 | BibZpiur26032679 | 19/03/2026 | Libros | Dewey Decimal Classification | Biblioteca Piura | Biblioteca Piura | 19/03/2026 |